Land law, practice and conveyancing in Ghana / (Record no. 304)
[ view plain ]
| 000 -LEADER | |
|---|---|
| fixed length control field | 00611cam a2200193 i 4500 |
| 001 - CONTROL NUMBER | |
| control field | 22741118 |
| 005 - DATE AND TIME OF LATEST TRANSACTION | |
| control field | 20241028163716.0 |
| 008 - FIXED-LENGTH DATA ELEMENTS--GENERAL INFORMATION | |
| fixed length control field | 220808s2021 gh b 001 0 eng |
| 020 ## - INTERNATIONAL STANDARD BOOK NUMBER | |
| International Standard Book Number | 9789964307516 |
| Qualifying information | Hardcover |
| 050 00 - LIBRARY OF CONGRESS CALL NUMBER | |
| Classification number | KRX658 |
| Item number | .A93 2021 |
| 100 1# - MAIN ENTRY--PERSONAL NAME | |
| Personal name | Adjei, Dennis Dominic, |
| Relator term | author. |
| 245 10 - TITLE STATEMENT | |
| Title | Land law, practice and conveyancing in Ghana / |
| Statement of responsibility, etc. | by Dennis Dominic Adjei. |
| 250 ## - EDITION STATEMENT | |
| Edition statement | Third edition. |
| 260 ## - PUBLICATION, DISTRIBUTION, ETC. | |
| Place of publication, distribution, etc. | Ghana |
| Name of publisher, distributor, etc. | Dennis Dominic Adjei |
| Date of publication, distribution, etc. | c2021 |
| 300 ## - PHYSICAL DESCRIPTION | |
| Extent | xxxiii, 645 pages ; |
| Dimensions | 25 cm |
| Other physical details | Index |
| 650 #0 - SUBJECT ADDED ENTRY--TOPICAL TERM | |
| Topical term or geographic name entry element | Real property |
| Geographic subdivision | Ghana. |
| 650 #0 - SUBJECT ADDED ENTRY--TOPICAL TERM | |
| Topical term or geographic name entry element | Conveyancing |
| Geographic subdivision | Ghana. |
| 942 ## - ADDED ENTRY ELEMENTS (KOHA) | |
| Source of classification or shelving scheme | Library of Congress Classification |
| Koha item type | Books |
| Edition | Third Ed. |
| Suppress in OPAC | No |
| 999 ## - | |
| -- | 304 |
| -- | 304 |
| Withdrawn status | Lost status | Source of classification or shelving scheme | Damaged status | Not for loan | Collection | Home library | Current library | Shelving location | Date acquired | Total checkouts | Full call number | Barcode | Date last seen | Date last checked out | Copy number | Price effective from | Koha item type |
|---|---|---|---|---|---|---|---|---|---|---|---|---|---|---|---|---|---|
| Library of Congress Classification | Non-fiction | Law Library (Christ Temple) | Law Library (Christ Temple) | Reference | 05/24/2025 | KRX658.A93 ADJ | LLCT00000666 | 05/24/2025 | 1 | 05/24/2025 | Books | ||||||
| Library of Congress Classification | Non-fiction | Law Library (Miotso) | Law Library (Miotso) | Reference | 10/28/2024 | 1 | KRX658.A93 | LLM00000296 | 01/29/2026 | 01/27/2026 | 1 | 10/28/2024 | Books | ||||
| Library of Congress Classification | Non-fiction | Law Library (Miotso) | Law Library (Miotso) | Reference | 10/28/2024 | KRX658.A93 | llm00000297 | 01/29/2026 | 2 | 10/28/2024 | Books | ||||||
| Library of Congress Classification | Non-fiction | Law Library (Miotso) | Law Library (Miotso) | Reference | 11/09/2024 | KRX658.A93 | LLM00000806 | 11/09/2024 | 3 | 11/09/2024 | Books | ||||||
| Library of Congress Classification | Non-fiction | Law Library (Miotso) | Law Library (Miotso) | Reference | 11/09/2024 | KRX658.A93 | LLM00000807 | 11/09/2024 | 4 | 11/09/2024 | Books |